Bolívar y Sucre unidos por el linaje y por la gloria / (Record no. 148865)

MARC details
000 -LEADER
campo de control de longitud fija 00590nam a2200181 i 4500
001 - NÚMERO DE CONTROL
campo de control 148865
003 - IDENTIFICADOR DE NÚMERO DE CONTROL
campo de control ES-MaACL
005 - FECHA Y HORA DE LA ÚLTIMA TRANSACCIÓN
campo de control 20250928101958.0
007 - CAMPO FIJO DE DESCRIPCIÓN FÍSICA--INFORMACIÓN GENERAL
campo de control de longitud fija t|
008 - DATOS DE LONGITUD FIJA--INFORMACIÓN GENERAL
campo de control de longitud fija 070214s1924 ve r ||||1| spa d
100 1# - ENTRADA PRINCIPAL--NOMBRE DE PERSONA
Nombre de persona Sucre, Luis Alberto.
9 (RLIN) 108714
245 10 - MENCIÓN DEL TÍTULO
Título Bolívar y Sucre unidos por el linaje y por la gloria /
Mención de responsabilidad, etc. Luis Alberto Sucre.
260 ## - PUBLICACIÓN, DISTRIBUCIÓN, ETC.
Lugar de publicación, distribución, etc. Caracas :
Nombre del editor, distribuidor, etc. [s. n.],
Fecha de publicación, distribución, etc. 1924 (
Fabricante Tip. Americana)
300 ## - DESCRIPCIÓN FÍSICA
Extensión 54 p. ;
Dimensiones 24 cm.
600 17 - PUNTO DE ACCESO ADICIONAL DE MATERIA--NOMBRE DE PERSONA
Nombre de persona Bolivar, Simón,
Fechas asociadas al nombre 1783-1830-
Subdivisión general Genealogía
Fuente del encabezamiento o término
9 (RLIN) 160648
852 ## - LOCALIZACIÓN
Ubicación ES-MaACL
Número de control de estantería 1680-F-16
Nota libre .- Ded. ms. del autor
Holdings
Estatus retirado Estado de pérdida Estado de daño No para préstamo Colección Biblioteca de origen Biblioteca actual Ubicación en estantería Fecha de adquisición Fuente de adquisición Total de préstamos Signatura topográfica completa Código de barras Visto por última vez Precio de reemplazo Tipo de ítem Koha
        Colección de folletos Biblioteca del Ateneo de Madrid Biblioteca del Ateneo de Madrid Depósito folletos 17/01/2008     1680-F-16 1155348 23/02/2023 23/02/2023 Folleto